| 000 | 01257cam a2200265 4500 | ||
|---|---|---|---|
| 001 | L158973 | ||
| 008 | 000000n2013 000 0 eng u | ||
| 020 | _a9781848063044 | ||
| 035 | _a(Sirsi) u158973 | ||
| 041 | 0 | _aeng | |
| 050 | 0 | 4 | _a693.82 $2 18 |
| 100 | 1 | _aColwell, Sarah | |
| 245 | 0 | 0 |
_aExternal fire performance of roofs _bA guide ot test methods and classification |
| 260 |
_aWatford _bBRE _c2013 |
||
| 300 |
_a12p. _c30cm. |
||
| 490 | 0 |
_aBRE Digest _vDG 528 |
|
| 520 | _aExplains the European fire test methods for roof systems, and how the test data are used to classify the external fire performance. It discusses the limitations of the classification system, and the importance of specifiers correctly interpreting the information presented to them. It will help manufacturers to provide end users with the information they need to specify roofing systems in relation to their fire performance. It also explains how fire performance classification relate to the guidance in Approved Document B. | ||
| 650 | 2 | 4 | _aFIRE PROTECTION |
| 650 | 2 | 4 | _aTHERMAL INSULATION |
| 650 | 2 | 4 | _aCONSTRUCTION PRODUCTS REGULATIONS 2013 |
| 651 | 4 |
_aEngland and Wales _y1543- |
|
| 690 |
_aHealth and safety _96244 |
||
| 700 | 1 | _aBaker, Tony | |
| 942 | _n0 | ||
| 999 |
_c115608 _d115608 |
||